[Event "Forchheim op-B 14th"]
[Site "Forchheim"]
[Date "2015.10.03"]
[Round "3"]
[White "Moench, Dietmar"]
[Black "Goda, Frederic"]
[Result "0-1"]
[WhiteElo "1798"]
[BlackElo "1704"]
[PlyCount "88"]
[EventDate "2015.10.02"]
[EventType "swiss"]
[EventRounds "5"]
[EventCountry "GER"]
[SourceTitle "EXT 2019"]
[Source "ChessBase"]
[SourceDate "2018.10.10"]
[SourceVersion "1"]
[SourceVersionDate "2018.10.10"]
[SourceQuality "1"]

1. d4 Nf6 2. Nf3 e6 3. e3 d5 4. Bd3 c6 5. 0-0 Bd6 6. Nbd2 Nbd7 7. b3 Qe7 8. c4 a5 9. Bb2 0-0 10. Ne5 c5 11. f4 cxd4 12. exd4 Ba3 13. Qc2 Bxb2 14. Qxb2 Nxe5 15. fxe5 Nh5 16. Rf3 g6 17. Raf1 Bd7 18. Rh3 f5 19. Be2 Ng7 20. Qc2 f4 21. Bd3 Nf5 22. Bxf5 Rxf5 23. cxd5 exd5 24. Rc3 Qb4 25. Nf3 Rff8 26. Rc1 Bf5 27. Qd2 Be4 28. Rc7 Bxf3 29. Qxb4 axb4 30. gxf3 b6 31. R1c2 Rab8 32. Rd7 Rbc8 33. Rdc7 Rb8 34. Kf2 g5 35. Ke1 h5 36. Rg2 g4 37. fxg4 f3 38. Rgc2 hxg4 39. Kf2 Rf4 40. Ke3 Re4+ 41. Kd3 Rf8 42. Rf2 Rff4 43. Rc6 Rxd4+ 44. Kc2 Rfe4 0-1

[Event "Wiesbaden op 27th"]
[Site "Wiesbaden"]
[Date "2015.08.30"]
[Round "7"]
[White "Zeyer, Oliver"]
[Black "Moench, Dietmar"]
[Result "1-0"]
[WhiteElo "2001"]
[BlackElo "1798"]
[PlyCount "63"]
[EventDate "2015.08.27"]
[EventType "swiss"]
[EventRounds "7"]
[EventCountry "GER"]
[SourceTitle "EXT 2016"]
[Source "ChessBase"]
[SourceDate "2015.10.08"]
[SourceVersion "1"]
[SourceVersionDate "2015.10.08"]
[SourceQuality "1"]

1. d4 Nf6 2. c4 g6 3. Nc3 d6 4. e4 Bg7 5. Nf3 0-0 6. Be2 Nbd7 7. 0-0 e5 8. d5 Nh5 9. Re1 Nf4 10. Bf1 Nc5 11. b4 Na6 12. a3 f5 13. Bxf4 exf4 14. Rc1 c5 15. dxc6 bxc6 16. exf5 Rxf5 17. Nd4 Bxd4 18. Qxd4 Nc7 19. Bd3 Rf8 20. Be4 Bb7 21. Rcd1 Rf6 22. b5 c5 23. Qd2 Qc8 24. Bxb7 Qxb7 25. Re7 Re8 26. Nd5 Rxe7 27. Nxf6+ Kg7 28. Qxd6 Ne6 29. Nd5 Re8 30. Re1 Qf7 31. Qe5+ Kh6 32. Nf6 1-0

[Event "Wiesbaden op 27th"]
[Site "Wiesbaden"]
[Date "2015.08.28"]
[Round "2"]
[White "Moench, Dietmar"]
[Black "Triantafillidis, Dimitrios"]
[Result "1-0"]
[WhiteElo "1798"]
[BlackElo "1603"]
[PlyCount "71"]
[EventDate "2015.08.27"]
[EventType "swiss"]
[EventRounds "7"]
[EventCountry "GER"]
[SourceTitle "EXT 2016"]
[Source "ChessBase"]
[SourceDate "2015.10.08"]
[SourceVersion "1"]
[SourceVersionDate "2015.10.08"]
[SourceQuality "1"]

1. d4 c5 2. d5 d6 3. c4 e5 4. e4 Be7 5. Nc3 Bg5 6. Nf3 Bxc1 7. Qxc1 Nf6 8. g3 0-0 9. Bg2 a6 10. 0-0 Ne8 11. Nh4 Nd7 12. a4 g6 13. Nf3 f5 14. Ng5 Ng7 15. exf5 Rxf5 16. Nce4 Nf6 17. Nxf6+ Rxf6 18. Ne4 Rf7 19. f4 exf4 20. Rxf4 Bf5 21. Qf1 Qd7 22. Ng5 Rf6 23. g4 Bd3 24. Qf3 Rxf4 25. Qxf4 Rf8 26. Qg3 Bxc4 27. Re1 Rf6 28. Ne4 Rf8 29. Nxd6 Ba2 30. h3 Rd8 31. Ne4 Qxa4 32. Nf6+ Kh8 33. Qh4 Qd4+ 34. Kh1 h5 35. Nxh5 Nxh5 36. Qxd8+ 1-0

[Event "Wiesbaden op 27th"]
[Site "Wiesbaden"]
[Date "2015.08.27"]
[Round "1"]
[White "Poetsch, Hagen"]
[Black "Moench, Dietmar"]
[Result "1-0"]
[WhiteElo "2498"]
[BlackElo "1798"]
[PlyCount "47"]
[EventDate "2015.08.27"]
[EventType "swiss"]
[EventRounds "7"]
[EventCountry "GER"]
[SourceTitle "EXT 2016"]
[Source "ChessBase"]
[SourceDate "2015.10.08"]
[SourceVersion "1"]
[SourceVersionDate "2015.10.08"]
[SourceQuality "1"]

1. e4 c5 2. Nf3 a6 3. Nc3 d6 4. d4 cxd4 5. Nxd4 Nf6 6. Bg5 e6 7. f4 Be7 8. Qf3 Nc6 9. 0-0-0 Qc7 10. Nxc6 bxc6 11. e5 dxe5 12. fxe5 Nd5 13. Bxe7 Kxe7 14. Qg3 Nxc3 15. Qxc3 c5 16. Be2 Bb7 17. Qg3 Rhd8 18. Qxg7 Rd4 19. Rxd4 cxd4 20. Bh5 Rf8 21. Rf1 Ke8 22. Rxf7 Rxf7 23. Qg8+ Ke7 24. Qxf7+ 1-0